All 50k+ Cities in Syria with a Map - Statistics

General Stats
  • This quiz has been taken 1,361 times
  • The average score is 10 of 31
Answers on the Map
Answers color-coded by a green-red scale on the quiz's map according to % correct below.
 
Answer Stats
Population City % Correct
1,414,913 Damascus
98%
2,132,100 Aleppo
97%
652,609 Homs
83%
383,786 Latakia
67%
312,994 Hama
64%
220,488 Raqqa
60%
115,769 Tartus
55%
98,791 Idlib
52%
211,857 Deir ez-Zor
47%
97,969 Daraa
41%
51,323 Palmyra
40%
188,160 Al-Hasakah
36%
184,231 Qamishli
29%
73,641 As-Suwayda
26%
99,497 Manbij
20%
63,069 al-Bab
17%
110,893 Douma
17%
53,989 Jableh
16%
69,425 Al-Thawrah
13%
58,008 Ma'arrat al-Nu'man
11%
66,724 Salamiyah
11%
78,763 Darayya
9%
68,708 Harasta
9%
63,708 As-Safira
8%
136,427 Sayyidah Zaynab
6%
137,248 Yarmouk
6%
50,880 Babbila
5%
114,363 Jaramana
5%
84,948 Al-Hajar al-Aswad
4%
62,509 Al-Sabinah
2%
52,738 Muadamiyat al-Sham
2%
No matching quizzes found
Score Distribution
Percent of People with Each Score
Percentile by Number Answered
Your Score History
You have not taken this quiz